Indochina y Malaca / (Record no. 175178)

MARC details
000 -LEADER
campo de control de longitud fija 01066nam a22002895i 4500
001 - NÚMERO DE CONTROL
campo de control 175178
003 - IDENTIFICADOR DE NÚMERO DE CONTROL
campo de control ES-MaACL
005 - FECHA Y HORA DE LA ÚLTIMA TRANSACCIÓN
campo de control 20250812025103.0
008 - DATOS DE LONGITUD FIJA--INFORMACIÓN GENERAL
campo de control de longitud fija 101013s1963 sp ab |||| | spa d
080 ## - NÚMERO DE LA CLASIFICACIÓN DECIMAL UNIVERSAL
Número de la Clasificación Decimal Universal 7(596/598)
080 ## - NÚMERO DE LA CLASIFICACIÓN DECIMAL UNIVERSAL
Número de la Clasificación Decimal Universal 7(595.11)
080 ## - NÚMERO DE LA CLASIFICACIÓN DECIMAL UNIVERSAL
Número de la Clasificación Decimal Universal 904(596/598)
080 ## - NÚMERO DE LA CLASIFICACIÓN DECIMAL UNIVERSAL
Número de la Clasificación Decimal Universal 904(595.11)
100 0# - ENTRADA PRINCIPAL--NOMBRE DE PERSONA
Nombre de persona Groslier, Bernard Philippe.
9 (RLIN) 143560
245 10 - MENCIÓN DEL TÍTULO
Título Indochina y Malaca /
Mención de responsabilidad, etc. por Bernard Philippe Groslier ; [traducción de Margarita Fontseré].
260 ## - PUBLICACIÓN, DISTRIBUCIÓN, ETC.
Lugar de publicación, distribución, etc. Barcelona :
Nombre del editor, distribuidor, etc. Praxis :
-- Seix Barral,
Fecha de publicación, distribución, etc. D. L. 1963.
300 ## - DESCRIPCIÓN FÍSICA
Extensión 275 p. :
Otras características físicas il., fot., mapas ;
Dimensiones 24 cm.
490 1# - MENCIÓN DE SERIE
Mención de serie El arte de los pueblos. Culturas no europeas ;
Designación de volumen o secuencia 10
594 ## - Nota al título y mención de responsabilidad
Nota al título y mención de responsabilidad Tít. original: Kunst der Welt Hinterindien.
650 17 - PUNTO DE ACCESO ADICIONAL DE MATERIA--TÉRMINO DE MATERIA
Término de materia o nombre geográfico como elemento de entrada Arte indochino
Fuente del encabezamiento o término
9 (RLIN) 143561
651 #4 - PUNTO DE ACCESO ADICIONAL DE MATERIA--NOMBRE GEOGRÁFICO
Nombre geográfico Indochina-
Subdivisión general Restos arqueológicos.
9 (RLIN) 143562
651 #7 - PUNTO DE ACCESO ADICIONAL DE MATERIA--NOMBRE GEOGRÁFICO
Nombre geográfico Malasia-
Subdivisión general Restos arqueológicos.
9 (RLIN) 143563
700 0# - ENTRADA AGREGADA--NOMBRE PERSONAL
Nombre de persona Fontseré, Margarita.
9 (RLIN) 51656
830 0# - PUNTO DE ACCESO ADICIONAL DE SERIE-TÍTULO UNIFORME
Título uniforme El arte de los pueblos. Culturas no europeas ;
Designación de volumen o secuencia 10
9 (RLIN) 189547
852 ## - LOCALIZACIÓN
Ubicación ES-MaACL
Número de control de estantería E-13352
Encuadernación Olim P-7
Holdings
Estatus retirado Estado de pérdida Estado de daño No para préstamo Biblioteca de origen Biblioteca actual Ubicación en estantería Fecha de adquisición Fuente de adquisición Total de préstamos Signatura topográfica completa Código de barras Visto por última vez Precio de reemplazo Tipo de ítem Koha
        Biblioteca del Ateneo de Madrid Biblioteca del Ateneo de Madrid Depósito 2 13/10/2010     E-13352 1183939 23/02/2023 23/02/2023 Libro impreso